| 000 | 00601nam a22002177a 4500 | ||
|---|---|---|---|
| 005 | 20170124110239.0 | ||
| 010 | _aB-214280 | ||
| 020 | _c00.00 | ||
| 035 | _aB-214280 | ||
| 037 | _bCen Lib/Ret | ||
| 040 |
_aDPL _bEN |
||
| 082 |
_aN _bKHU |
||
| 100 |
_aKhushvant Singh _993649 |
||
| 245 |
_aDelhi : _cby Khushvant Singh _ba novel / |
||
| 260 |
_bPenguin books _c1990 _aNew Delhi |
||
| 270 |
_bNew Delhi _a11 Community centre, Panchsheel park _e110017 |
||
| 300 |
_a391p. _c19cm(Hb) |
||
| 650 |
_aLitreature -- Fiction _993650 |
||
| 650 |
_aEnglish -- novel _914422 |
||
| 942 |
_2ddc _cEN _hN _mKHU |
||
| 999 |
_c135041 _d135041 |
||